Statistics for Countries with the Highest Scrabble Score

Click here to take the quiz!

General Stats

  • This quiz has been taken 26,075 times
  • The average score is 8 of 10

Answer Stats

PointsContinentCountry% Correct
26AfricaZimbabwe
85%
21South AmericaVenezuela
84%
30AsiaKazakhstan
83%
30AsiaKyrgyzstan
82%
25AsiaUzbekistan
79%
21AsiaTajikistan
77%
34AfricaMozambique
75%
28AsiaAzerbaijan
66%
22EuropeLuxembourg
66%
24EuropeSwitzerland
62%

Score Distribution

Percentile by Number Answered

Percent of People with Each Score

Your Score History

You have not taken this quiz